000 00285 a2200121 4500
999 _c321856
_d321856
001 86783
003 NUST
005 20180123152810.0
008 180123b xxu||||| |||| 00| 0 eng d
082 _a813.54 SHO
100 _aShobhaa, De
_99622
245 _aSocialite Evenings
_hEnglish
260 _aUSA
_bNew American Library
_c2009
300 _a350p.
942 _aCAE NUST
_cBK
_k813.54 SHO
_2ddc